| 000 | 00000nam 2200000zi 4500 |
| 001 | 9.929353 |
| 003 | CaOODSP |
| 005 | 20231211160921 |
| 006 | m o d f |
| 007 | cr |n||||||||| |
| 008 | 231024t20232023oncbo ob f000 0 eng d |
| 020 | |a9780660684413 |
| 040 | |aCaOODSP|beng|erda|cCaOODSP |
| 043 | |an-cn--- |
| 086 | 1 |aEn3-5/140-2023E-PDF |
| 245 | 00|aManagement plan for the yellow-banded bumble bee (Bombus terricola) in Canada. |
| 264 | 1|aOttawa : |bEnvironment and Climate Change Canada, |c2023. |
| 264 | 4|c©2023 |
| 300 | |a1 online resource (iv, 48 pages) : |bcolour map, colour photograph. |
| 336 | |atext|btxt|2rdacontent |
| 337 | |acomputer|bc|2rdamedia |
| 338 | |aonline resource|bcr|2rdacarrier |
| 490 | 1 |aSpecies at Risk Act management plan series |
| 500 | |aIssued also in French under title: Plan de gestion du bourdon terricole (Bombus terricola) au Canada. |
| 504 | |aIncludes bibliographical references (pages 31-44). |
| 650 | 0|aYellow-banded bumble bee|xConservation|zCanada. |
| 650 | 0|aWildlife recovery|zCanada. |
| 710 | 1 |aCanada. |bEnvironment and Climate Change Canada, |eissuing body. |
| 775 | 08|tPlan de gestion du bourdon terricole (Bombus terricola) au Canada.|w(CaOODSP)9.929354 |
| 830 | #0|aSpecies at Risk Act management plan series.|w(CaOODSP)9.505125 |
| 856 | 40|qPDF|s1.13 MB|uhttps://publications.gc.ca/collections/collection_2023/eccc/En3-5-140-2023-eng.pdf |